| 000 | 03580cam a22006254i 4500 | ||
|---|---|---|---|
| 001 | u50805 | ||
| 003 | PE-LiUPU | ||
| 005 | 20250731165613.0 | ||
| 008 | 150706s2009 r 000 0 d | ||
| 020 | _a9788473565998 | ||
| 035 | _a(Sirsi) i9788473565998 | ||
| 040 |
_aPE-LiUPU _bspa _cPE-LiUPU _erda |
||
| 082 | 0 | 4 |
_a001.42 _bB15 2009 |
| 100 | 1 |
_aBáez y Pérez de Tudela, Juan, _eautor. |
|
| 245 | 1 | 0 |
_aInvestigación cualitativa / _cJuan Báez y Péres de Tudela. |
| 250 | _aSegunda edición. | ||
| 264 | 1 |
_aPozuelo de Alarcón, Madrid : _bESIC, _c2009. |
|
| 300 |
_a401 páginas : _bilustraciones gráficos ; _c24 cm. |
||
| 336 |
_atext _2rdacontent |
||
| 337 |
_aunmediated _2rdamedia |
||
| 338 |
_avolume _2rdacarrier |
||
| 504 | _aBibliografia : páginas 379 - 401. | ||
| 505 | 0 | _aEl contexto -- Introducción a la investigación comercial cualitativa -- Evolución de la investigación cualitativa -- Método y ciencia -- Las técnicas -- La entrevista -- El grupo -- Observación, pseudocompra y compra misteriosa -- Otras técnicas cualitativas -- Del diseño de la investigación al informe de resultados -- El diseño de la investigación -- El análisis -- Los paradigmas de análisis I: "las palabras" -- Los paradigmas de análisis II: "los hechos" -- La creación del analista -- El valor de la investigación: evaluación -- La consultoría -- La consultoría para el cambio en las organizaciones. | |
| 526 | _aSEG44 | ||
| 526 | _aSEG26 | ||
| 526 | _aP151 | ||
| 526 | _aP150 | ||
| 526 | _aP149 | ||
| 526 | _aP146 | ||
| 526 | _aP145 | ||
| 526 | _aP126 | ||
| 526 | _aP125 | ||
| 526 | _aP92 | ||
| 526 | _aP75 | ||
| 526 | _aP74 | ||
| 526 | _aP27 | ||
| 526 | _aP15 | ||
| 541 | _g048-005596; | ||
| 541 | _g001-0035141; | ||
| 596 | _a1 2 3 | ||
| 650 | 0 | 4 | _aInvestigación cualitativa. |
| 910 |
_agl _bjv _clch _d20120512 |
||
| 910 |
_atqv _bwelc _cwelc _d20160706 |
||
| 942 |
_2ddc _cBOOK |
||
| 994 |
_aC0 _bPEPRU |
||
| 949 |
_a001.42 B15 2009 _wDEWEY _c1 _iFJ00683 _lCCODEBUJ1 _mBUJ _n2 _p23.45 _q2 _r0 _sY _tBOOK _u2016-7-6 _xFIA _PP27 _0COMPRA _o.STAFF. Colección General Juliaca |
||
| 949 |
_a001.42 B15 2009 _wDEWEY _c1 _iFT03181 _lCCODEBUT1 _mBUT _p23.95 _r0 _sY _tBOOK _u2017-9-26 _xFCE _PP08 _0COMPRA _o.STAFF. Colección General |
||
| 949 |
_a001.42 B15 2009 _wDEWEY _c2 _iFJ00684 _lCCODEBUJ1 _mBUJ _p23.45 _q1 _r0 _sY _tBOOK _u2016-7-6 _xFIA _PP27 _0COMPRA _o.STAFF. Colección General Juliaca |
||
| 949 |
_a001.42 B15 _wDEWEY _c1 _i64555 _d2018-3-15 _e2018-3-14 _f2018-2-12 _g4 _lCCODEBUL1 _mBUL _n3 _p38.00 _q1 _r0 _sY _tBOOK _u2015-7-6 _xINGENIERIA _PP27 _0COMPRA _o.STAFF. Colección General |
||
| 999 |
_a001.42 B15 _wDEWEY _c53274 _i64555 _d53274 _e2019-1-27 _f2021-11-4 _g7 _lCCODEBUL1 _mBUL _n4 _p38.00 _q2 _r0 _sY _tBOOK _u2015-7-6 _xBIBLIOTECA _PP27 _0COMPRA _o.STAFF. Colección General |
||
| 999 |
_a001.42 B15 2009 _wDEWEY _c1 _iFJ00683 _d2019-3-28 _e2019-3-27 _f2021-12-27 _g4 _lCCODEBUJ1 _mBUJ _n3 _p23.45 _q6 _r0 _sY _tBOOK _u2016-7-6 _xSALUD _PP22 _0COMPRA _o.STAFF. Colección General Juliaca |
||
| 999 |
_a001.42 B15 2009 _wDEWEY _c2 _iFJ00684 _d2019-10-2 _e2019-5-16 _f2021-12-27 _g4 _lCCODEBUJ1 _mBUJ _n1 _p23.45 _q7 _r0 _sY _tBOOK _u2016-7-6 _xSALUD _PP22 _0COMPRA _o.STAFF. Colección General Juliaca |
||
| 999 |
_a001.42 B15 2009 _wDEWEY _c1 _iFT03181 _d2018-11-12 _e2018-11-11 _f2019-2-20 _g2 _lCCODEBUT1 _mBUT _n2 _p23.95 _r0 _sY _tBOOK _u2017-9-26 _xFCE _PP08 _0COMPRA _o.STAFF. Colección General |
||
| 980 |
_81 _gALBERTO SANCHEZ Responsable de Automatización |
||